Storia per gruppi di due - Statistics

Statistiche generali
  • Questo quiz è stato fatto 1.301 volte
  • Il punteggio medio è 17 su 38
Statistiche sulle risposte
Domanda Risposta % Corretto
Leggendari gemelli fondatori di Roma Remo
97%
Leggendari gemelli fondatori di Roma Romolo
97%
Università più antiche del Regno Unito Oxford
90%
Antichi nomi di Istanbul Costantinopoli
88%
Paesi in cui visse Marie Curie Francia
79%
Università più antiche del Regno Unito Cambridge
76%
Imperatori romani che ebbero figli con Cleopatra Giulio Cesare
76%
Città che hanno combattuto le guerre Puniche Roma
76%
Città che finiscono in -grado assediate durante la seconda guerra mmondiale Stalingrado
75%
Città che hanno combattuto le guerre Puniche Cartagine
73%
Autori del "Manifesto del Partito Comunista" Karl Marx
69%
Città che finiscono in -grado assediate durante la seconda guerra mmondiale Leningrado
63%
Fazioni rivali nell'Italia del 1200 Ghibellini
59%
Fazioni rivali nell'Italia del 1200 Guelfi
59%
Antichi nomi di Istanbul Bisanzio
58%
Autori con il cognome Shelley Mary
57%
Imperatori romani che ebbero figli con Cleopatra Marco Antonio
56%
Alleanze Militari della Guerra Fredda NATO
50%
Paesi in cui visse Marie Curie Polonia
50%
Città fondate dagli Olandesi New York
43%
Capitale della Germania (1945-1990) Berlino Est
42%
Capitale della Germania (1945-1990) Bonn
40%
Autori del "Manifesto del Partito Comunista" Friedrich Engels
37%
Soprannomi delle due fazioni della guerra civile Americana Nordisti
36%
Soprannomi delle due fazioni della guerra civile Americana Sudisti
36%
Alleanze Militari della Guerra Fredda Patto di varsavia
33%
Fondatori del Cubismo Pablo Picasso
25%
Autori con il cognome Shelley Percy
22%
Paesi non colonizzati dagli Europei Etiopia
14%
Paesi non colonizzati dagli Europei Liberia
13%
I più famosi esploratori Vichinghi Erik il Rosso
11%
Imperi Mesopotamici (911 AC - 539 AC) Impero Babilonese
8%
Imperi Mesopotamici (911 AC - 539 AC) Impero Assiro
7%
Fondatori del Cubismo Georges Braque
5%
Prime persone a scalare l'Everest Edmund Hillary
4%
I più famosi esploratori Vichinghi Leif Erikson
4%
Città fondate dagli Olandesi Jakarta
3%
Prime persone a scalare l'Everest Tenzing Norgay
3%
Nessun quiz corrispondente trovato
Distribuzione punteggi
Percentuale di utenti per punteggio
Percentile per numero di risposta
I tuoi punteggi nel tempo
Non hai fatto questo quiz